00361ntaaa2200133 45000030003000000050017000030080021000200400037000410820017000782450055000952500049001503000008001996500020002070120251027203124.00714s1973 ag 01  aAR-BaBNbspacAR-BaBNeaacrdRIC a301.4200 H11 aHaciendo planes para la semana del hogar cristiano a1 ed. : bCasa Bta. de Publicaciones, cs.f. a8 p aHogar cristiano